| 000 | 01230nam a2200277 i 4500 | ||
|---|---|---|---|
| 001 | 164350 | ||
| 003 | ES-MaACL | ||
| 005 | 20251017111221.0 | ||
| 008 | 940301s1884 sp a |||| |dspa d | ||
| 080 | _a821.112.2 Goethe, Johann Wolfgang 1.07 | ||
| 100 | 1 |
_aSaint-Victor, Paul de. _9132298 |
|
| 245 | 1 | 0 |
_aMujeres de Goethe / _cpor Pablo de Saint-Victor ; versión castellana de J. Yxart ; con un prólogo de Urbano González Serrano ; ilustración de Kaulbach ; fotograbados de Meisenbach. |
| 260 |
_aBarcelona : _bDaniel Cortezo y Cª, _c1884. |
||
| 300 |
_a324 p. : _bil. ; _c21 cm. |
||
| 490 | 1 | _aBiblioteca "Arte y letras" | |
| 600 | 1 | 4 |
_aGoethe, Johann Wolfgang von, _d1749-1832- _xCrítica e interpretación _957571 |
| 700 | 1 |
_aYxart, Josep, _d1852-1895 _9139230 |
|
| 700 | 1 |
_aGonzález Serrano, U., _d1848-1904 _958968 |
|
| 700 | 1 |
_aKaulbach, Wilhelm von, _d1805-1874 _9128430 |
|
| 700 | 1 |
_aMeisenbach, Georg, _d1841-1912 _9171870 |
|
| 830 | 1 | 0 |
_aBiblioteca "Arte y letras" _9180874 |
| 852 |
_aES-MaACL _jB-725 _9170594 _cSPB _xEncuadernación editorial en tela estampada, cortes pintados |
||
| 942 |
_2udc _cMONOGRAFIA _n0 |
||
| 999 |
_c164350 _d164350 |
||